000 00483nam a2200181Ia 4500
001 3435
005 20260306145643.0
008 260306t2014||||xx |||||||||||||| ||spa||
041 _aESP
082 _a277.73
_bCH52
100 _aChang-Rodríguez, Raquel
_eAUT
245 0 _aRelación de los mártires de la Florida del P.F. Luis Jerónimo de Oré (c. 1619)
260 _c2014
300 _a242 páginas :
_c20 cm.
650 _aGEN
654 _aCHU
942 _cLIB
_dJUS
_fJUS
_2ddc
_n
999 _c3435
_d3435